000 01406nam a2200265Ia 4500
003 Ost
005 20260507074927.0
008 260507s9999||||xx |||||||||||||| ||und||
020 _a9957181858
040 _cfsecg
041 _aara
082 _a658.8
100 _aيوسف، عثمان ردينة
_eمؤلف
245 0 _aالتسويق الصحي والإجتماعي /
_c عثمان ردينة يوسف
260 _aعمان:
_bدار المناهج,
_c2008
300 _a288 صفحة؛
_bإيضاحات ؛
_c25 سم
504 _aببليوغرافيا: ص.281
520 _aنشأة وتطور الخدمات الصحية، التخطيط الاستراتيجي لتصنيع وتطوير المنتجات الصحية، مفهوم التسويق الصحي والمنتجات الصحية، توزيع وترويج الخدمات الصحية، التسعير العناصر الاضافية للمزيج التسويقي للخدمات، التسويق الاجتماعي، اهم النظريات والنماذج في التسويق الاجتماعي، نموذج وعملية التسويق، استراتيجيات التسويق الاستراتيجي
653 _aادارة المبيعات
653 _aالتسويق
653 _aالخدمات الصحية
653 _aالخدمة الاجتماعية
653 _aالرعاية الصحية
942 _cكتاب
999 _c41831
_d41831